Mustafa Kemal Atatürk Nutuk : (Record no. 15531)
[ view plain ]
| 000 -BAŞLIK | |
|---|---|
| Sabit Uzunlukta Kontrol Alanı | 00944nam a22002297a 4500 |
| 999 ## - SİSTEM KONTROL NUMARALARI (KOHA) | |
| Koha Biblionumber | 15531 |
| Koha Biblioitemnumber | 15531 |
| 003 - KONTROL NUMARASI IDENTIFIER | |
| Denetim Alanı | MIRAKIL |
| 005 - SON İŞLEM TARİHİ VE ZAMANI | |
| Denetim Alanı | 20240301112556.0 |
| 008 - SABİT-BOY VERİ ELEMANLARI - GENEL BİLGİLER | |
| Sabit Uzunlukta Kontrol Alanı | 240301b tu ||||| |||| 00| 0 tur d |
| 020 ## - ULUSLARARASI STANDART KİTAP NUMARASI | |
| Uluslararası Standart Kitap Numarası | 9786257362856 |
| 040 ## - KATALOGLAMA KAYNAK | |
| Orijinal Kataloglama Ajansı | TR-AnCHP |
| Metne Dönüştürmek Ajansı | TR-AnCHP |
| 041 ## - DİL KODU | |
| Metin / Ses Parça Veya Ayrı Başlığın Dil Kodu | tur |
| 082 ## - DEWEY ONLU SINIFLANDIRMA NUMARASI | |
| Sınıflandırma Numarası | ATA 956.14 |
| Ürün Numarası | A72m [t.y.] |
| 090 ## - SINIFLAMA NUMARASI | |
| Sınıflama Numarası | ATA 956.14 A72m [t.y.] |
| 100 1# - ANA GİRİŞ - KİŞİSEL İSİM | |
| Kişisel Ad | Atatürk, Gazi Mustafa Kemal |
| Bir Adıyla İlişkilendirilen Tarihler | 1881-1938 |
| 245 10 - BAŞLIK TABLOSU | |
| Başlık | Mustafa Kemal Atatürk Nutuk : |
| Başlığın Kalan | çizgilerle : kronolojik anlatımla 1881-193∞ Atatürk dünya-Türkiye resimli tarihi / |
| Sorumluluk Tablosu, Vb | Mustafa Kemal Atatürk ; editör Abdülkadir Erdil ; hazırlayan ve resimleyen Fatih Okta. |
| 260 ## - YAYIN, DAĞITIM, VB | |
| Yayın, Dağıtım, Vb Yeri | [y.y.] |
| Yayıncı, Dağıtıcı, Vs Adı | Gönül Yayıncılık Matbaacılık Ltd. Şti., |
| Yayın, Dağıtım, Vb Tarihi | 2022. |
| 300 ## - FİZİKSEL TANIM | |
| Kapsam | 272 sayfa : |
| Diğer Fiziksel Ayrıntıları | resim ; |
| Boyutlar | 24 cm. |
| 600 14 - KONU KATMA GİRİŞ - KURUMSAL ADI | |
| 9 (RLIN) | 1465 |
| Kişisel Ad | Atatürk, Gazi Mustafa Kemal |
| Bir Adıyla İlişkilendirilen Tarihler | 1881-1938 |
| 650 #0 - KONU KATMA GİRİŞ - TOPİKAL DÖNEM | |
| 9 (RLIN) | 7636 |
| Topikal Süreli Veya Coğrafi Ad Giriş Elemanı | Nutuk |
| 856 ## - ELEKTRONİK YER VE ERİŞİM | |
| Kamu Notu | Dijital Nüshası için Partimizin Kütüphane Sorumlusu ile iletişime geçiniz. |
| 942 ## - EKLENDİ GİRİŞ ELEMANLARI (KOHA) | |
| Sınıflandırma Veya Raf Düzeni Kaynak | Dewey Decimal Classification |
| Koha Öğesi Türü | Books |
| Kalıcı Konum | Mevcut Konum | Edinme Tarihi | Toplam Check-Out'Lar | Tam Çağrı Numarası | Barkod | Tarih Son Görülme | İtibaren Geçerli Fiyatlar | Koha Öğesi Türü |
|---|---|---|---|---|---|---|---|---|
| CHP Kütüphanesi | CHP Kütüphanesi | 03/01/2024 | ATA 956.14 A72m [t.y.] | 21406 | 03/01/2024 | 03/01/2024 | Books | |
| CHP Kütüphanesi | CHP Kütüphanesi | 03/07/2024 | ATA 956.14 A72m [t.y.] | 21476 | 03/07/2024 | 03/07/2024 | Books | |
| Parti Okulu Kütüphanesi | Parti Okulu Kütüphanesi | 03/01/2024 | ATA 956.14 A72m [t.y.] | 21430 | 03/01/2024 | 03/01/2024 | Books |
